000 00502nam a2200193 a 4500
001 1773825712278
003 YourLibrary
005 20260318145347.0
008 260318s2004##################000#0#eng##
020 _a9780877654810
082 0 4 _a362.18
_bMCE
100 1 _aMcEvoy, Mike,
_eauthor.
245 1 0 _aStraight Talk about Stress :
260 _bJones & Bartlett Learning,
_c2004.
300 _a164 pages
650 0 _aMedical.
942 _cENGLISH
040 _aYourLibrary
_beng
_cYourLibrary
999 _c617877
_d617877